Dependency Injection : Design patterns using Spring and Guice /

In object-oriented programming, a central program normally controls other objects in a module, library, or framework. With dependency injection, this pattern is inverted-a reference to a service is placed directly into the object which eases testing and modularity. Spring or Google Guice use depende...

Full description

Bibliographic Details
Main Author: Prasanna, Dhanji (Author)
Corporate Author: Safari, an O'Reilly Media Company
Format: eBook
Language:English
Published: Manning Publications, 2009.
Subjects:
Online Access:Connect to this electronic resource

MARC

Tag First Indicator Second Indicator Subfields
LEADER 00000uam a2200000 a 4500
001 in00004100187
005 20260129162954.7
006 m o d
007 cr cn
008 160513s2009 xx o eng
020 |z 9781933988559 
020 |z 193398855X 
035 |a (CaSebORM)9781933988559 
040 |d UtOrBLW 
041 0 |a eng 
100 1 |a Prasanna, Dhanji,  |e author. 
245 1 0 |a Dependency Injection :  |b Design patterns using Spring and Guice /  |c Prasanna, Dhanji. 
264 1 |b Manning Publications,  |c 2009. 
300 |a 1 online resource (352 pages) 
336 |a text  |b txt  |2 rdacontent 
337 |a computer  |b c  |2 rdamedia 
338 |a online resource  |b cr  |2 rdacarrier 
347 |a text file 
520 |a In object-oriented programming, a central program normally controls other objects in a module, library, or framework. With dependency injection, this pattern is inverted-a reference to a service is placed directly into the object which eases testing and modularity. Spring or Google Guice use dependency injection so you can focus on your core application and let the framework handle infrastructural concerns. Dependency Injection explores the DI idiom in fine detail, with numerous practical examples that show you the payoffs. You'll apply key techniques in Spring and Guice and learn important pitfalls, corner-cases, and design patterns. Readers need a working knowledge of Java but no prior experience with DI is assumed. 
533 |a Electronic reproduction.  |b Boston, MA :  |c Safari,  |n Available via World Wide Web.  |d 2009. 
538 |a Mode of access: World Wide Web. 
542 |f Copyright © 2009 Manning Publications Co.  |g 2009 
588 |a Online resource; Title from title page (viewed August 10, 2009) 
500 |a Electronic resource. 
655 7 |a Electronic books.  |2 local 
710 2 |a Safari, an O'Reilly Media Company. 
856 4 0 |u https://proxy.library.tamu.edu/login?url=https://go.oreilly.com/TAMU/library/view/-/9781933988559/?ar  |z Connect to this electronic resource  |t 0 
999 f f |s 95bb5a60-a37d-3960-a479-a5711041a98c  |i ef3d9de8-192b-32a8-83a3-beedde9ff13d  |t 0 
952 f f |a Texas A&M University  |b College Station  |c Electronic Resources  |s www_evans  |d Available Online  |t 0  |h No information provided 
998 f f |t 0  |l Available Online